Porovnanie nepriamych daní na území Slovenskej republiky a vo vybranej krajine EÚ bakalárska práca

Guardado en:
Detalles Bibliográficos
Autor principal: Sloboda, Mário
Autor Corporativo: Podnikovohospodárska fakulta EU so sídlom v Košiciach. Katedra ekonómie
Otros Autores: Meheš, Marek
Formato: Libro
Lenguaje:eslovaco
Publicado: Košice 2018
Etiquetas: Agregar Etiqueta
Sin Etiquetas, Sea el primero en etiquetar este registro!

MARC

LEADER 00000nbm a2200000 4500
001 0245770
005 20240827092841.8
041 0 |a slo 
044 |a SK 
245 1 0 |a Porovnanie nepriamych daní na území Slovenskej republiky a vo vybranej krajine EÚ  |b bakalárska práca  |c Mário Sloboda ; školiteľ: Marek Meheš 
264 1 |a Košice  |c 2018 
300 |a 60 s. 
100 1 |a Sloboda, Mário 
700 1 |a Meheš, Marek 
710 2 |a Podnikovohospodárska fakulta EU so sídlom v Košiciach. Katedra ekonómie